| 000 | 008060000a22002530004500 | ||
|---|---|---|---|
| 003 | LK-CoMWRAF | ||
| 008 | 230817t ||||| |||| 00| 0 eng d | ||
| 040 |
_aLK-CoMWRAF _dLK-CoMWRAF _eLK-CoMWRAF |
||
| 041 | _aeng | ||
| 082 |
_a410 _bIND |
||
| 100 | _aIndraratna, A.D.V.De S. | ||
| 245 |
_aEducation and Development: Role of C.W.W.Kannangara _bC.W.W.Kannangara Memorial Lecture 2003 |
||
| 260 |
_b _a _c2003 |
||
| 300 | _ap.36 | ||
| 490 | _a14 | ||
| 650 | _aCentral Schools | ||
| 650 | _aChange over to National Languages as Media of Instruction | ||
| 650 | _aDenominational Schools | ||
| 650 | _aEducation and Development | ||
| 650 | _aKannangara's Overall Contribution to National Development | ||
| 650 | _aReligion in School Curriculum | ||
| 650 | _aWhere have we gone wrong? | ||
| 942 | _cBK | ||
| 999 |
_c1881 _d1881 |
||